<?xml version="1.0" encoding="UTF-8"?>
<collection xmlns="http://www.loc.gov/MARC21/slim">
 <record>
  <leader>01603nam a2200217Ia 4500</leader>
  <controlfield tag="001">CTU_178430</controlfield>
  <controlfield tag="008">210402s9999    xx            000 0 und d</controlfield>
  <datafield tag="082" ind1=" " ind2=" ">
   <subfield code="a">339.49597</subfield>
  </datafield>
  <datafield tag="082" ind1=" " ind2=" ">
   <subfield code="b">S464</subfield>
  </datafield>
  <datafield tag="100" ind1=" " ind2=" ">
   <subfield code="a">Nguyễn, Ngọc Sơn</subfield>
  </datafield>
  <datafield tag="245" ind1=" " ind2="0">
   <subfield code="a">Chất lượng tăng trưởng kinh tế Việt Nam :</subfield>
  </datafield>
  <datafield tag="245" ind1=" " ind2="0">
   <subfield code="b">Mười năm nhìn lại và định hướng tương lai</subfield>
  </datafield>
  <datafield tag="245" ind1=" " ind2="0">
   <subfield code="c">Chủ biên: Nguyễn Ngọc Sơn, Phạm Hồng Chương</subfield>
  </datafield>
  <datafield tag="260" ind1=" " ind2=" ">
   <subfield code="a">Hà Nội</subfield>
  </datafield>
  <datafield tag="260" ind1=" " ind2=" ">
   <subfield code="b">Diễn đàn Phát triển Việt Nam (VDF)</subfield>
  </datafield>
  <datafield tag="260" ind1=" " ind2=" ">
   <subfield code="c">2011</subfield>
  </datafield>
  <datafield tag="520" ind1=" " ind2=" ">
   <subfield code="a">Báo cáo này trình bày những thành quả tăng trưởng của Việt Nam trong thời gian qua và nhận diện những nguy cơ thách thức đối với nền kinh tế trong giai đoạn tới  trên cơ sở đó có những định hướng và bước đi đúng đắn trong tương lai. Chủ đề của Hội thảo không chỉ nhấn mạnh đến những vấn đề Việt Nam phải đối mặt trên con đường phát triển, mà còn là những phác thảo về phương hướng chiến lược của Việt Nam nhằm cải thiện cơ bản chất lượng tăng trưởng kinh tế.</subfield>
  </datafield>
  <datafield tag="650" ind1=" " ind2=" ">
   <subfield code="a">Economic stabilization,Ổn định kinh tế,Income distribution,Phân bố thu nhập</subfield>
  </datafield>
  <datafield tag="650" ind1=" " ind2=" ">
   <subfield code="z">Vietnam,Việt Nam,Vietnam,Việt Nam</subfield>
  </datafield>
  <datafield tag="904" ind1=" " ind2=" ">
   <subfield code="i">Trọng Hiếu</subfield>
  </datafield>
  <datafield tag="980" ind1=" " ind2=" ">
   <subfield code="a">Trung tâm Học liệu Trường Đại học Cần Thơ</subfield>
  </datafield>
 </record>
</collection>
